| 000 | 00713nam a22002057a 4500 | ||
|---|---|---|---|
| 999 |
_c3334 _d3334 |
||
| 003 | AR-CdUCM | ||
| 008 | 190306b ||||| |||| 00| 0 spa d | ||
| 040 |
_aMUNICIPALIDAD PROVINCIAL DEL CUSCO _cBIBLIOTECA MUNICIPAL DEL CUSCO |
||
| 082 |
_a335.7 / _bM26 |
||
| 100 |
_aMariátegui, Juan _911064 |
||
| 245 | _aComentarios sobre el tercer mundo / | ||
| 260 |
_aLima : _bMinerva, _c1979. |
||
| 300 |
_a277 páginas ; _c18 cm. |
||
| 505 | _aLuchas de liberación nacional -- Política cultural -- Nuevo orden económico y jurídico mundial... | ||
| 650 |
_aLuchas de liberación. _911065 |
||
| 650 |
_aPolítica cultural. _93718 |
||
| 650 |
_aTercer mundo. _96952 |
||
| 942 |
_2ddc _cLIBROS |
||
| 945 |
_awfj _d2019-03-05 |
||